000 00622nam a2200193 i 4500
001 57399
003 ES-MaACL
005 20250811075335.0
007 t|
008 031016s1950 sp ||||1| spa d
100 1 _aDoreste, Ventura
_945393
245 1 0 _aPlácido Fleitas
_b: un estudio sobres su obra /
_cVentura Doreste.
260 _a[S.l. :
_bs.n.,
_c1950] (
_fSaavedra y Cía)
300 _a14 p., 8 lám. ;
_c25 cm.
490 1 _aLos arqueros. Cuadernos de Arte ;
_v1
830 0 4 _aLos arqueros.
_pCuadernos de arte
_v1
_9230431
852 _aES-MaACL
_j1928-F-23
_bR.31244
999 _c57399
_d57399